Kokoro : (Record no. 12940)
[ view plain ]
| 000 -LEADER | |
|---|---|
| fixed length control field | 00434cam a2200181 a 4500 |
| 020 ## - INTERNATIONAL STANDARD BOOK NUMBER | |
| ISBN | 4805301619 |
| 020 ## - INTERNATIONAL STANDARD BOOK NUMBER | |
| ISBN | 9784805301616 |
| 040 ## - CATALOGING SOURCE | |
| Transcribing agency | DLC |
| 041 1# - LANGUAGE CODE | |
| Language code of original and/or intermediate translations of text | jpn |
| 082 00 - DEWEY DECIMAL CLASSIFICATION NUMBER | |
| Classification number | 895 NAT 1957 A094 Or. |
| 100 1# - MAIN ENTRY--AUTHOR NAME | |
| Personal name | Natsume, S¿seki, |
| 245 10 - TITLE STATEMENT | |
| Title | Kokoro : |
| Remainder of title | a novel / |
| 250 ## - EDITION STATEMENT | |
| Edition statement | [First Tuttle edition] |
| 300 ## - PHYSICAL DESCRIPTION | |
| Number of Pages | vi, 248 pages ; |
| Dimensions | 19 cm |
| 490 1# - SERIES STATEMENT | |
| Series statement | Library of Japanese literature |
| 650 #0 - SUBJECT ADDED ENTRY--TOPICAL TERM | |
| Topical Term | Friendship |
| 942 ## - ADDED ENTRY ELEMENTS (KOHA) | |
| Koha item type | សៀវភៅភាសាអង់គ្លេស |
| 952 ## - LOCATION AND ITEM INFORMATION (KOHA) | |
| Withdrawn status [LOCAL, KOHA] | 0 |
| Permanent Location | Date acquired | Koha item type | Lost status | Shelving location | Barcode | Current Location | Full call number |
|---|---|---|---|---|---|---|---|
| Library Block A | 2017-08-18 | សៀវភៅភាសាអង់គ្លេស | A094 | A18176 | Library Block A | 895 NAT 1957 A094 Or. |